Na kríze možno zarobia

Internetové obchody by mali byť najmenej dotknuté finančnou krízou, aspoň tie najväčšie. Noví hráči na trhu.

Na minha lista:
Detalhes bibliográficos
Autor principal: Košťál, Daniel
Formato: Capítulo de Livro
Idioma:eslovaco
Assuntos:
Tags: Adicionar Tag
Sem tags, seja o primeiro a adicionar uma tag!

MARC

LEADER 00000naa$a2200000$$$4500
001 0091611
005 20231128093919.1
041 0 |a slo 
044 |a SK 
245 1 0 |a Na kríze možno zarobia  |c Daniel Košťál 
520 |a Internetové obchody by mali byť najmenej dotknuté finančnou krízou, aspoň tie najväčšie. Noví hráči na trhu. 
610 2 0 |a obchod elektronický 
610 2 0 |a predajne 
610 2 0 |a kríza finančná 
610 2 0 |a Slovensko 
100 1 |a Košťál, Daniel